000 00672nas a2200229 4500
001 BR0105331
003 BR-BrBNA
005 20231205102550.0
007 ta
008 230509b bl.|||p| |||| 00| 00por d
040 _aBR-BrBNA
_bpor
_cBiblioteca Nacional de Agricultura
041 _a(Pt)
072 _aJ15
100 1 _aElpo, E.R.S.
100 1 _aGomes, E.C.
245 1 _aArmazenagem de produtos quimicos
650 _aProduto Quimico
650 _aArmazenamento
773 0 _tBiotecnologia Ciencia e Desenvolvimento (Brazil)
_xISSN 1414-4522
_g(Jul-Aug 2001), v. 4(21) p. 62-65
_wBR0105331
909 _a202311
_bLúcia
_c55
_dLúcia Elande
942 _2AGRIS
_n0
_cANA
999 _c168199
_d168199